Normal view
MARC view
- ARTIFICIAL INTELLIGENCE COMMODORE 64
Entry Topical Term
001 - CONTROL NUMBER
- control field: 74092
003 - CONTROL NUMBER IDENTIFIER
- control field: NUST
005 - DATE AND TIME OF LATEST TRANSACTION
- control field: 20210628205129.0
008 - FIXED-LENGTH DATA ELEMENTS
- fixed length control field: 210628|| aca||aabn | a|a d
040 ## - CATALOGING SOURCE
- Original cataloging agency: NUST
- Transcribing agency: NUST
150 ## - HEADING--TOPICAL TERM
- Topical term or geographic name entry element: ARTIFICIAL INTELLIGENCE COMMODORE 64
670 ## - SOURCE DATA FOUND
- Source citation: Work cat.: (NUST): KEITH,BRAIN, STEVEN 74091, OFFICIAL INTELLIGENCE ON THE COMMODORE 64 MAKE YOURS MICRO THINKS, 1984
